000 00707nam a2200193 i 4500
001 93115
003 ES-MaACL
007 t|
008 050407s1975 sp ||||1| spa d
100 1 _aLomas Salmonte, Francisco Javier.
_973171
245 1 0 _aAsturia prerromana y altoimperial /
_cFrancisco Javier Lomas Salmonte.
260 _aSevilla :
_bUniversidad,
_c1975.
300 _aXVI, 297 p. :
_b6 mapas pleg. ;
_c25 cm.
490 1 _aAnales de la Universidad Hispalense. FilosofĂ­a y Letras ;
_v32. 1975
710 1 _aUniversidad de Sevilla.
_97301
830 0 _aAnales de la Universidad Hispalense. FilosofĂ­a y Letras ;
_v32. 1975
_9182759
852 _aES-MaACL
_jE-8816
_bR.93300
999 _c93115
_d93115